| 000 | 00590nam a2200193Ia 4500 | ||
|---|---|---|---|
| 005 | 20250508155935.0 | ||
| 008 | 008 250505s9999 xx 000 0 eng d | ||
| 037 | _aBooks to be hide in OPAC | ||
| 040 |
_aFEDL _beng _cFEDL |
||
| 041 |
_aeng _2eng |
||
| 084 |
_a373.4251, SAD _qFEDL |
||
| 100 |
_aSadler Michael E _9764390 |
||
| 245 | 0 | _aReport on secondary and higher education in Derbyshire | |
| 260 |
_aLondon, UK _bBemrose and Sons Ltd. _c1905 |
||
| 300 | _aiv,192p. | ||
| 546 | _asadler committee report | ||
| 942 |
_cHB _h373.4251, SAD |
||
| 999 |
_c1360259 _d1360259 |
||